[Event "Olympiad-33"]
[Site "Elista"]
[Date "1998.10.06"]
[Round "8.1"]
[White "Nikolic, Predrag"]
[Black "Spraggett, Kevin"]
[Result "1-0"]
[WhiteElo "2640"]
[BlackElo "2560"]
[Annotator "Avrukh,B"]
[PlyCount "63"]
[EventDate "1998.09.29"]
[EventType "team-swiss"]
[EventRounds "13"]
[EventCountry "RUS"]
[SourceTitle "CBM 068"]
[Source "ChessBase"]
[SourceDate "1999.02.01"]
[SourceVersion "1"]
[SourceVersionDate "1999.02.01"]
[SourceQuality "1"]
[WhiteTeam "Bosnia&Herzegovina"]
[BlackTeam "Canada"]
[WhiteTeamCountry "BIH"]
[BlackTeamCountry "CAN"]

1. d4 {Baburin} Nf6 2. c4 e6 3. Nf3 b6 4. g3 Ba6 5. Nbd2 Bb4 6. Qc2 Bb7 7. Bg2
Be4 8. Qb3 Bxd2+ 9. Bxd2 O-O 10. O-O d6 11. Rfd1 Nbd7 (11... Qe7 12. Qe3 $1 $14
Nbd7 13. Bc3 Rfe8 14. Rac1 h6 15. b3 Rac8 $2 (15... c5 $142) 16. Bh3 $1 c6 (
16... Bb7 17. d5 e5 18. Nh4 $16) 17. Bb2 Rc7 18. Nd2 Bg6 19. Nb1 $1 {[%cal
Gb1c3,Gd4d5]} a6 20. Bg2 Rec8 21. Ba3 $1 $16 {1-0 Karpov,A-Andersson,U/Reggio
Emilia 1991 (35)}) 12. Rac1 Re8 $146 (12... Qe7 13. Qa3 a5 (13... Rfe8 14. b4
e5 15. c5 dxc5 16. dxc5 bxc5 17. bxc5 h6 18. Ba5 Nb8 19. Bc3 Nc6 $11 {
Romanishin,O-Timman,J/Taxco izt 1985/0-1 (74)}) 14. Bh3 (14. Bf1 Rfe8 15. Nh4 {
[%cal Gf2f3]} h6 16. f3 Bh7 17. e4 e5 18. d5 (18. Be3 g5 19. Ng2 g4 $5 $13 {
[%csl Re4]}) 18... Nc5 19. Bh3 Kh8 20. Nf5 Qf8 21. Rf1 Ng8 22. Rce1 Ne7 $11 {
1/2-1/2 Browne,W-Bischoff,K/Dortmund 1990/CBM 18/[Schussler] (51)}) 14... h6 $6
(14... Rfe8 $142) 15. Ne5 $1 Rae8 16. Nxd7 Nxd7 17. Be3 $1 {[%cal Gc4c5]} (17.
f3 Bh7 18. e4 $6 e5 {[%cal Gf7f5]}) 17... Bc6 18. c5 bxc5 19. dxc5 d5 20. Qxa5
Nf6 21. Qa6 Qd7 22. Qd3 $16 {1-0 Piket,J-Bischoff,K/Hamburg 1991/CBM 24 (61)})
(12... h6 13. Qa3 a5 14. b3 $6 {strange move} (14. Bh3 $142) 14... Qe7 15. Ne5
Bxg2 16. Kxg2 Nc5 $1 17. Nf3 Nce4 18. Be1 Nh7 19. Qa4 {[%csl Rc6]} f5 20. Qc6
Nhf6 21. Nd2 Qf7 22. f3 Nxd2 23. Bxd2 Qd7 24. Qxd7 Nxd7 $11 {De Boer,G-Van der
Wiel,J/NLD-ch Hilversum 1988/0-1 (61)}) 13. Bh3 h6 14. Be3 c5 (14... Qe7 $142
15. Qa3 a5 {with nice play for black.}) 15. dxc5 Nxc5 (15... dxc5 16. Bf4 $1
Qc8 17. Rd6 Qb7 18. Rcd1 Nf8 19. Ne5 $16) 16. Qc3 $14 {[%cal Gb2b4]} Qe7 (16...
a5 17. Bd4 $1 (17. Bf4 d5 18. Ne5 Qe7 19. f3 Bh7) 17... Bxf3 18. Qxf3 {[%csl
Gd4,Gh3] and due the pair of bishops white is clearly better.} (18. exf3 $5))
17. b4 Nb7 {[%csl Rb7]} 18. Nd4 (18. Nd2 Bg6 19. Bg2 d5 $1 {[%cal Gb7d6] gives
black good play.} (19... Ng4 $140 $2 20. Nb3 Nxe3 21. Qxe3 $16)) 18... Rec8 19.
Qd2 (19. Qb3 $6 d5 20. a3 (20. f3 $2 dxc4 $1 21. Rxc4 Rxc4 22. Qxc4 Bd5 $17 {
[%csl Ra2,Rb4]}) 20... Nd6 21. cxd5 Bxd5 22. Qd3 $11) 19... d5 20. f3 Bh7 (
20... Bg6 {was more accurate.}) 21. cxd5 Nxd5 22. b5 {[%csl Rc6] '!' Baburin.
Baburin: 'This is a very typical technique for such positions - White
establishes an outpost on c6 and wants to plant a knight there. Then he would
be able to concentrate his pieces on the c-file, using the knight on c6 as a
shield.'} (22. Nc6 $6 Qe8 (22... Qd6 $2 {[%cal Gd2d6]} 23. b5 (23. Bf4 $143
Nxf4 (23... Qf8 24. Be5 $16 {[%cal Ge2e4]}) 24. Qxf4 Qxf4 25. gxf4 Kf8 (25...
Rc7 26. Nxa7 $1) 26. Rd7 Nd8 27. b5 Ke8 28. Re7+ Kf8 $11) 23... a6 24. Bxh6 $1
{[%cal Ge2e4][%mdl 64]} axb5 25. Qg5 Bg6 26. Rxd5 $1 exd5 27. Ne7+ $18) 23. b5
a6 24. a4 axb5 25. axb5 Na5 $1 $17) 22... Nxe3 23. Qxe3 Rxc1 24. Rxc1 Nc5 25.
Nc6 Qc7 (25... Qd6 26. Bg2 {[%cal Gf3f4]}) 26. Bg2 (26. f4 $5) 26... a6 {
Baburin: 'This may be necessary, as otherwise White would play f3-f4, and then
prepare a2-a4-a5. Black's position is probably already lost, as his pieces are
very passive. Black's only hope is that his knight will stay on c5 as long as
possible, but White can undermine this piece eventually.'} 27. f4 Re8 $2 (27...
axb5 $8 28. Ne7+ Qxe7 29. Bxa8 Qa7 30. Bd5 (30. Bc6 Qxa2 31. Bxb5 Qb2 $44)
30... Bf5 31. Bb3 Be4 32. Rd1 Kh7 {and black has very good chances to survive
in this position.}) 28. a4 {[%cal Ga4a5] Suddenly,we can see , that black's
knight on c5 isn't so suitable,and black cannot do anything against white's
threating a4-a5.} (28. bxa6 $5 {was also interesting} Nxa6 29. Nb4 Nc5 30. Nd5
$1 Qa7 31. Nxb6 Nd7 32. Bc6 Rc8 33. Bxd7 Rxc1+ 34. Qxc1 Qxb6+ 35. e3 $16) 28...
axb5 (28... a5 29. Nxa5 Qa7 30. Nc4 Nxa4 31. Ra1 $18) 29. a5 $1 {Baburin: 'The
knight on c5 loses its support and Black's position collapses.'} Na4 (29... Qb7
30. Nb4 Be4 31. a6 Qa8 32. Bxe4 Qxe4 33. Qxe4 Nxe4 34. Rc6 $18) 30. a6 Nc5 31.
a7 Kh8 32. Qe5 (32. Qe5 Qxe5 (32... Qb7 33. Qb8 $1) 33. Nxe5 Be4 34. Nxf7+ Kh7
35. Nd6 $1) 1-0

[Event "RUS-Cup4"]
[Site "Perm"]
[Date "1997.??.??"]
[Round "4"]
[White "Fominyh, Alexander"]
[Black "Eismont, Oleg"]
[Result "1-0"]
[WhiteElo "2545"]
[BlackElo "2465"]
[Annotator "Avrukh,B"]
[PlyCount "45"]
[EventDate "1997.02.02"]
[EventType "swiss"]
[EventRounds "9"]
[EventCountry "RUS"]
[SourceTitle "CBM 058"]
[Source "ChessBase"]
[SourceDate "1997.06.01"]
[SourceVersion "1"]
[SourceVersionDate "1997.06.01"]
[SourceQuality "1"]

1. d4 Nf6 2. c4 e6 3. Nf3 b6 4. g3 c6 5. Nc3 (5. Bg2 {Avrukh,B.} d5 6. O-O Be7
7. Ne5 (7. Nc3 Bb7 8. b3 O-O 9. Qc2 Ba6 10. a4 dxc4 11. bxc4 Bxc4 12. Ne5 Qxd4
13. Bxc6 Qxe5 14. Bxa8 Na6 15. Bf3 Nb4 16. Qb2 Qf5 17. Nb5 Nc2 18. Nd4 Nxd4 19.
Qxd4 Rc8 20. Ba3 Bxa3 21. Rxa3 e5 22. Qe3 e4 $44 {Sulava Nenad-Piskov Yury/It 
(open), Formia (Italy) 1995/0-1 (50)}) 7... Bb7 8. Nc3 Nbd7 9. cxd5 cxd5 10.
Bf4 O-O 11. Rc1 a6 12. Nxd7 Nxd7 13. Bc7 Qe8 14. Na4 b5 15. Nc5 Nxc5 16. dxc5
a5 17. a3 a4 18. Qd4 Qd7 19. Bb6 Bf6 20. Qb4 Bc6 21. e3 h5 22. h4 e5 23. Qd2 d4
24. e4 Qg4 $11 {Pavlovic,D-Maksimovic,B/JUG-ch Banja Vrucica 1991/0-1 (57)
[Avrukh,B]}) 5... d5 6. Bg2 Be7 (6... dxc4 $5 {Avrukh,B.} 7. Ne5 Nd5 8. e4 (8.
Nxc4 Ba6 9. Ne5 Bd6 $11) 8... Nxc3 9. bxc3 $44 {[Avrukh,B]}) 7. Ne5 (7. O-O)
7... O-O 8. O-O Ba6 (8... Nfd7 $2 {Avrukh,B.} 9. cxd5 Nxe5 (9... cxd5 10. Nxd5
exd5 11. Bxd5) 10. dxe5 exd5 11. Nxd5 $18) (8... Bb7 {Avrukh,B.} 9. e4 dxe4 10.
Nxe4 Nxe4 11. Bxe4 $16 {[Avrukh,B]}) 9. Qa4 (9. cxd5 {Avrukh,B.} cxd5) 9... b5
10. cxb5 cxb5 11. Nxb5 Qe8 12. Nc3 Qxa4 13. Nxa4 Bxe2 14. Re1 Bb5 15. Nc5 (15.
Nc3 {Avrukh,B.} Ba6 (15... Be8 16. Bf4 Nc6 17. Nxd5 $1 Nxd5 18. Bxd5 exd5 19.
Nxc6 Bxc6 20. Rxe7 $16) 16. Bg5 h6 17. Bf4 Rc8 18. Rac1 Bb4 $11 {[Avrukh,B]})
15... Nc6 $2 (15... Rc8 $1 {Avrukh,B.} 16. Be3 Nc6 17. Rac1 Nxe5 18. dxe5 Ng4
19. Bd4 Rc7 $1 {[%cal Ga8c8,Gg4h6,Gh6f5] And black has good chances. [Avrukh,B]
}) 16. Nxe6 $1 $18 (16. Nxc6 $2 {Avrukh,B.} Bxc5 (16... Bxc6 17. Nxe6 Bb4 $13)
17. dxc5 Bxc6 18. Bf4 $14) 16... Bb4 (16... fxe6 {Avrukh,B.} 17. Nxc6 Bxc6 18.
Rxe6 $18) 17. Nxf8 (17. Nxc6 $2 {Avrukh,B.} Bxc6 18. Nxf8 Bxe1 $13 {[%csl Gf8]}
) 17... Nxd4 (17... Bxe1 {Avrukh,B.} 18. Be3 Bxf2+ (18... Bb4 19. Nfd7 $18) 19.
Bxf2 Rxf8 20. a4 $18) 18. Rd1 $18 Ne2+ 19. Kh1 Kxf8 20. Bg5 Ne4 21. Be3 Nf6 22.
a4 Ba6 23. Nc6 1-0

[Event "RUS-ch"]
[Site "Elista"]
[Date "1996.??.??"]
[Round "2"]
[White "Fominyh, Alexander"]
[Black "Sokolov, Andrei"]
[Result "1-0"]
[WhiteElo "2535"]
[BlackElo "2585"]
[Annotator "Avrukh,B"]
[PlyCount "51"]
[EventDate "1996.10.15"]
[EventType "swiss"]
[EventRounds "11"]
[EventCountry "RUS"]
[SourceTitle "CBM 056"]
[Source "ChessBase"]
[SourceDate "1997.02.01"]
[SourceVersion "1"]
[SourceVersionDate "1997.02.01"]
[SourceQuality "1"]

1. d4 {Belov Tyomkin,D} Nf6 2. c4 e6 3. Nf3 b6 4. g3 Ba6 5. Qb3 Nc6 6. Bd2 $5
$146 {N/} (6. Nbd2) (6. Nbd2 {Belov} Na5 (6... d5 7. Qa4 Bb7 8. Bg2 Bd6 9. O-O
O-O 10. a3 a5 11. Qc2 a4 12. Re1 Be7 $6 (12... e5 $142) 13. e3 Qd7 14. cxd5
exd5 15. Nb1 $1 $14 {Barlov,D-Beliavsky,A/YUG/1992/0:1/58/}) 7. Qa4 Bb7 8. Bg2
c5 9. dxc5 bxc5 10. O-O Qc7 (10... Be7 11. Ne5 Bxg2 12. Kxg2 O-O 13. Ndf3 d6
14. Bd2 dxe5 15. Bxa5 Qb8 16. Bc3 Bd6 $10 {Sorin,A-Almasi,Z/Buenos Aires/1996/
0,5/53/}) 11. Rd1 Be7 12. Ng5 Bxg2 13. Kxg2 O-O 14. Nde4 {Sorin,A-Zarnicki,P/
Villa Gesell/1996/1:0/40/} Qb7 $5 $14 {Dautov,R/}) (6. d5 $2 {Belov} Na5 7. Qa4
Bxc4 8. dxe6 fxe6 9. Nc3 Nd5 10. Bd2 Bb4 11. Ne4 Qe7 $17 {Czerwonski,A-Stempin,
P/POL-ch/1986/0:1/25/}) 6... Qc8 (6... Na5 $5 7. Qa4 $1 {[%cal Gb2b4] /\8.b4} (
7. Bxa5 $6 bxa5 8. Nbd2 Bb4 9. a3 Bxd2+ 10. Nxd2 d5) 7... Qc8 $1 $13 (7... Bxc4
$2 8. Bxa5 $18) (7... c5 8. dxc5 (8. Bg2 $5) 8... Bxc5 9. Bg2 $1 (9. b4 $6 Ne4
$1 10. bxc5 Qf6 $1 11. Bxa5 bxa5 12. Qc2 Bb7 13. Nc3 Qxc3+ $17 {_|_}) 9... Ne4
10. O-O $16)) 7. Bg2 Na5 (7... Be7 8. O-O O-O 9. Qa4 $14 (9. Rc1 $5)) (7... d5
$5 {Belov} 8. cxd5 exd5 9. O-O Be7 10. Nc3 Na5 11. Qc2 O-O $14) 8. Bxa5 bxa5 9.
O-O Be7 (9... c5 10. Nbd2 (10. d5 $5 Rb8 11. Qc3 (11. Qc2)) 10... Rb8 11. Qc2
cxd4 12. Nxd4 Bc5 (12... Bb4 13. Rac1 $14) 13. N4b3 $14) (9... Rb8 10. Qc2 c5
11. Nbd2 {-9...c5} (11. e4 cxd4 12. e5 Nd5 $1 $132)) (9... d5 {Belov} 10. Ne5
Be7 11. Qa4+ c6 12. cxd5 exd5 13. Qxa5 $16) 10. Nbd2 O-O 11. e4 d5 12. exd5 (
12. Ne5 $5 Bb4 $1 (12... Rb8 13. Qc2 c5 $5) 13. Nc6 Nxe4 14. Bxe4 dxe4 15. Nxe4
Qb7 16. Nxb4 Qxb4 17. Rfc1 $1 $13 (17. Qxb4 axb4 18. b3 Bb7 19. Nc5 Bf3 $15))
12... exd5 13. Rfe1 Bb4 (13... Bxc4 14. Nxc4 dxc4 15. Qxc4 (15. Qc2 $5) 15...
Bd6 16. Ne5 Rb8 17. b3 Rb4 18. Qc3 $16 c5 $140 19. dxc5 Qxc5 (19... Bxc5 20.
Rac1 $18) 20. Qxc5 Bxc5 21. Nd3 $18) (13... dxc4 14. Qc2 $1 (14. Nxc4 Rb8 15.
Qc2 Bxc4 16. Rxe7 (16. Qxc4 Bd6 $10) 16... Qd8 $1 $14) 14... Bb4 (14... Bd6 $2
15. Ne5 Bb7 16. Ndxc4 $16) 15. Ne5 (15. Re5 $5) 15... Bb7 (15... Rb8 $2 16. Nc6
Rb6 17. a3 $1 Bd6 18. Nxa5 $16) 16. Bc6 $14) 14. c5 (14. cxd5 Bb7 $1 $10 (14...
Bb7 {Belov} 15. Re5 Bd6 $13)) 14... c6 (14... Ne4 $2 15. Nxe4 $1 Bxe1 16. Qxd5
Bb4 17. a3 $18) 15. Qc2 h6 $2 (15... Ne4 $2 16. Nxe4 Bxe1 17. Nd6 $18) (15...
Qc7 $142) 16. Re3 $1 $16 Bb5 (16... Ng4 17. Re7 {with ideas 18Bh3 ,18Nf1 and
19a3}) (16... Qc7 $2 17. Nf1 $18) (16... Bxd2 {Belov} 17. Qxd2 Qc7 18. Ra3 $16)
17. Nh4 (17. Nf1 a4) 17... Qg4 $2 (17... Bxd2 18. Qxd2 a4 19. Rae1 $16 (19.
Rae1 {Belov} Qd7 (19... Qc7 20. Nf5 Rfe8 21. Nd6 Rxe3 22. Qxe3 $18) 20. Nf3
Rfe8 (20... Ng4 21. Bh3 f5 22. Re7 $16) 21. Ne5 Qc7 22. h3 $16)) (17... Ng4 18.
Re7) (17... g6 $2 18. Nxg6 fxg6 (18... Bxd2 19. Ne7+ $18) 19. Qxg6+ Kh8 20.
Qxh6+ Kg8 (20... Nh7 21. Re7 $18) 21. Bh3 $18) 18. Ndf3 $18 {with idea 19a3} a4
$8 19. h3 (19. Nf5 Ne4) 19... Qd7 (19... Qc8 20. Nf5 $18) 20. Ne5 Qc7 21. Nf5
Rad8 (21... Nd7 22. Qd1 $1 $36) 22. Bf1 $1 Rfe8 $2 (22... Bxf1 $2 23. Rxf1 $18)
(22... a6 $8 23. Bxb5 (23. a3 {Belov} Ba5 24. Nd6 $16) 23... cxb5 (23... axb5
24. Nxc6 $1) 24. Qe2 $18) 23. Bxb5 cxb5 24. Qe2 a6 (24... Qb8 25. Nd6 $18 (25.
Nc6 {Belov} Rxe3 26. Nxe3 $18)) (24... Re6 {Belov} 25. Qxb5 Ba5 26. Qxa4 $18) {
[%tqu "En","Find the best move for white","","","e5g4","",10]} 25. Ng4 $1 Nxg4
(25... Rxe3 26. Nxf6+ gxf6 27. Qxe3 (27. fxe3)) (25... Ne4 26. Ngxh6+ (26. f3
$18 Bd2 27. fxe4 Bxe3+ 28. Qxe3 Rxe4 29. Nf6+ $1) 26... gxh6 27. Qg4+ $18) 26.
Rxe8+ 1-0

[Event "WchT 4th"]
[Site "Luzern"]
[Date "1997.10.29"]
[Round "5.4"]
[White "Dizdar, Goran"]
[Black "Anastasian, Ashot"]
[Result "1-0"]
[WhiteElo "2545"]
[BlackElo "2545"]
[Annotator "Avrukh,B"]
[PlyCount "99"]
[EventDate "1997.10.25"]
[EventType "team-tourn"]
[EventRounds "9"]
[EventCountry "SUI"]
[SourceTitle "CBM 062"]
[Source "ChessBase"]
[SourceDate "1998.01.31"]
[SourceVersion "1"]
[SourceVersionDate "1998.01.31"]
[SourceQuality "1"]
[WhiteTeam "Croatia"]
[BlackTeam "Armenia"]
[WhiteTeamCountry "CRO"]
[BlackTeamCountry "ARM"]

1. d4 {Tyomkin,D} Nf6 2. Nf3 e6 3. c4 b6 4. g3 Ba6 5. Nbd2 Bb4 6. Qc2 c5 7. Bg2
Nc6 8. dxc5 Bxc5 9. a3 Bb7 10. O-O O-O 11. b4 Be7 12. Bb2 (12. e4 d6 13. Bb2
Rc8 14. Rfd1 Qc7 15. Rac1 Nd7 16. Nf1 Qb8 $11 {Miralles,G-Kortschnoj,V/Royan
1988/1/2-1/2(23)}) 12... Rc8 13. Rfd1 h6 14. Rac1 $146 (14. Ne4 Nxe4 15. Qxe4
Bf6 16. Bxf6 Qxf6 17. Qe3 Rfd8 18. Rac1 {1/2-1/2 Petursson,M-Adorjan,A/
Reykjavik op 1982}) 14... Qc7 15. Qb1 Rfd8 16. Qa1 a5 17. b5 Nb8 18. Nf1 Ne8
19. Ne3 Bxf3 $6 (19... d6 20. Nd4 Bxg2 21. Kxg2 Bf6 $11) 20. exf3 $1 {[%cal
Gf3f4]} Bf6 21. f4 Qc5 (21... d6 22. f5) 22. f5 $1 Bxb2 23. Qxb2 Qe7 $2 (23...
Nf6 $142 24. Rc2 $142 $14 {[%csl Rb8][%cal Gc2d2] /+-} (24. fxe6 dxe6 (24...
fxe6 $6 25. Rc2 {[%cal Gc2d2]}) 25. Bb7 Rxd1+ 26. Rxd1 Rf8 {[%cal Gb8d7]})) 24.
Qd4 $1 Rc5 25. fxe6 fxe6 26. Rc2 d6 27. Re2 Nd7 28. f4 $16 {[%csl Rd6,Re6] /+-
() <->d,e} Qf7 (28... Qf6 29. Qe4 $1 $16 {[%cal Ge3g4]}) 29. f5 Ndf6 30. fxe6
Qxe6 31. Rde1 Qe5 32. Qd3 Qh5 33. Nd5 Nxd5 34. Bxd5+ Kh8 35. Bf3 Qf7 36. Re7
Qf8 37. Bd5 $2 (37. Qg6 $1 $18 Nf6 $8 (37... Rg5 $2 38. Qxe8 $1) (37... Re5 38.
Be4 Nf6 39. Rf7 Qxf7 (39... Qg8 40. Rxf6 $1 Rg5 41. Qf7) 40. Qxf7 Nxe4 41. Qc7
$18) 38. Rf7 Qg8 39. Rxf6 $1 Rg5 40. Qf7 gxf6 41. Qxf6+ Rg7 42. Qxh6+ Qh7 43.
Qf6 $18 {[%cal Ge1e4,Ge4h4]}) 37... Rc7 38. R7e6 Nf6 39. Qg6 Rf7 {[%cal Yf6d5]}
(39... Nxd5 40. Re8 $18) 40. Bc6 Rc7 41. Qd3 Rf7 42. Qd4 {[%csl Rb6,Rd6]} d5 $8
43. cxd5 Qxa3 44. d6 Kh7 45. d7 Rdxd7 (45... Nxd7 46. Rd6 $18) 46. Bxd7 Rxd7
47. Qxb6 Rd2 48. Qe3 Qa2 $4 (48... Qxe3+ $8 49. R6xe3 Rb2 $1 {This ending
should be winning for white even without queenside pawns,but first white
should try to change rooks.} 50. Re5 Nd7 (50... Ng4 51. Rf5 $1 Kg6 (51... Nxh2
$4 52. Rf2 $18) 52. Rf4 Nf6 53. Re5) (50... a4 51. R1e2 Rb1+ 52. Kg2) 51. Rd5
Nb6 52. Rc5) {[%tqu "En","","","","e6f6","",10]} 49. Rxf6 $1 gxf6 {[%tqu "En",
"","","","e3e4","",5,"e3e4","",0]} 50. Qe4+ (50. Qe4+ Kh8 (50... Kg7 51. Qg4+
Kf8 52. Qc8+ Kg7 53. Re7+) 51. Qa8+ $1 Kg7 (51... Qg8 52. Re8) 52. Re7+ Kg6 53.
Qe8+ Kg5 (53... Kf5 54. Qh5#) {[%tqu "En","Find mate in 5moves","","","h2h4",
"",5]} 54. h4+ Kg4 55. Qg6+ Kh3 56. Qf5+ Kxg3 57. Rg7+ Kxh4 58. Qg4#) 1-0

[Event "RUS-ch"]
[Site "Elista"]
[Date "1996.??.??"]
[Round "9"]
[White "Fominyh, Alexander"]
[Black "Goldin, Alexander"]
[Result "1-0"]
[WhiteElo "2535"]
[BlackElo "2570"]
[Annotator "Avrukh,B"]
[PlyCount "53"]
[EventDate "1996.10.15"]
[EventType "swiss"]
[EventRounds "11"]
[EventCountry "RUS"]
[SourceTitle "CBM 056"]
[Source "ChessBase"]
[SourceDate "1997.02.01"]
[SourceVersion "1"]
[SourceVersionDate "1997.02.01"]
[SourceQuality "1"]

1. Nf3 {Tyomkin,D} Nf6 2. c4 b6 3. d4 e6 4. g3 Ba6 5. Qb3 Nc6 6. Bd2 Rb8 $1
$146 (6... Qc8 {Fominyh,A-Sokolov,An Rus-ch Elista,1996(09)}) 7. Bg2 b5 8. cxb5
Bxb5 (8... Rxb5 $5 9. Qc2 (9. Qa4 Qc8) 9... Qb8 10. b3 $13 (10. Bc3 Nd5)) 9.
Qc2 Nb4 (9... Bb4 10. Nc3 $14) 10. Qc1 Qc8 (10... Bd3 11. Na3 Be7 $5) (10...
Be7 11. a3 (11. Nc3 Bc6 12. a3 (12. O-O $14) 12... Nbd5 13. Ne5 Ba8 $13) 11...
Nbd5 12. Ne5 O-O 13. b4 $14) 11. a3 (11. Nc3 Bc6 12. O-O Qb7 $10) 11... Qa6 $2
(11... Nbd5 12. Nc3 (12. b4 $2 Qa6 {/\ 13..Bb4}) (12. Ne5 c5 $132 13. e4 Nb6
14. Nc3 Ba6 $15) 12... Nxc3 13. Bxc3 Nd5 $10) 12. Nc3 Nbd5 13. Nxb5 Qxb5 14. b4
Ne4 (14... Be7 15. Ne5 O-O 16. e4 Nb6 17. Bf1 (17. Qxc7 Rfc8 18. Qxa7 Ra8 19.
Qb7 Rcb8 $10) 17... Qa4 18. Bd3 $16) (14... d6 $142) 15. Ne5 Nxd2 16. Qxd2 a5 (
16... Nxb4 17. O-O Nd5 18. e4 $1 (18. Qc2 Rc8 19. Rfb1 Qa5 $13) 18... Nf6 (
18... Nb6 19. Rfb1 (19. a4 Qb4 20. Qxb4 (20. Qf4 f6 21. Nf3 Bd6) 20... Bxb4 21.
a5 Nc8 22. Rfb1 c6) 19... Qa4 20. Bf1 c6 21. Nxf7 $1 $18) 19. Qc2 Rc8 20. Rfb1
Qa5 21. Nc4 $16) (16... Be7 $142 17. O-O f6 18. Nd3 $16) 17. bxa5 Bxa3 (17...
Qb1+ 18. Qd1 (18. Rxb1 Rxb1+ 19. Qd1 Rxd1+ 20. Kxd1 Bxa3 $10) 18... Qxd1+ (
18... Nc3 19. Rxb1 Rxb1 20. Qxb1 Nxb1 21. a6 $18) 19. Kxd1 (19. Rxd1 Bxa3 $14)
19... Ra8 20. Nc4 $16) 18. O-O Bb4 19. Qc2 (19. Qa2 $2 Nc3) 19... Ke7 (19...
O-O $2 20. Bxd5 (20. e4 Nc3) 20... Qxd5 21. Qxc7 $18) (19... Bxa5 20. Rfb1 Nb4
(20... Bb4 21. Bxd5 exd5 22. Nd3 $18) 21. Qa4 $18) 20. Rfb1 $18 (20. Bxd5 Qxd5
(20... exd5 $2 21. Rfb1 $18) 21. a6 (21. Qxc7 Rhc8 22. Qa7 Ra8 23. Qb6 Bxa5)
21... Qxd4 22. a7 (22. Qxc7 Qd6 23. Rfc1 Qxc7 24. Rxc7 Kd6 (24... Rhd8 $2 25.
Rxd7+ $1 Rxd7 26. Nc6+ $18) 25. Rxd7+ Kxe5 26. Rxf7 $14) 22... Qxe5 (22... Ra8
23. Qxc7 Qd6 24. Rfc1 (24. Qb7 Qxe5 25. Qxb4+ Qd6 $14) 24... Qxc7 25. Rxc7 Kd6
(25... Rhd8 26. Nc6+ (26. Rb7 Bc3) 26... Kd6 27. Nxd8 Kxc7 28. Nxf7 Bc5 29. Rc1
Kb6 (29... d6 30. Ng5 $16) 30. Ng5 (30. Ne5 Rxa7 $10) 30... h6 31. Ne4 Be7 $10)
) 23. axb8=Q Rxb8 24. Qxh7 $16) 20... Nc3 $8 21. Rb2 {[%cal Ge5d3] /\ Nd3} Qa6
$8 22. e3 $1 (22. Rxb4 $5 Nxe2+ 23. Kf1 Nxg3+ (23... Nxd4+ 24. Qc4 $18) 24. Ke1
(24. Kg1 Ne2+) 24... Rxb4 25. hxg3 Rhb8 26. Bf1 $16) 22... Bxa5 23. Rxb8 Ne2+ (
23... Rxb8 24. Qxc3 Bxc3 25. Rxa6 Rb1+ 26. Bf1 $18) 24. Kh1 Rxb8 25. Nc4 Rb5
26. Qxe2 d5 {[%tqu "En","Make last move in following game","","","c4b2","",10,
"c4e5","It's pity that you can't see what is waiting for you after this move!",
0]} 27. Nb2 $1 {Second win after 9.Bd2 by Fominyh,A in this
"superopen"!Fominih,A has prepared somthing for this tournament.After this win
he made two draws in two last rounds and devides 3-8 places in this
superstrong competition} (27. Ne5 $4 Rb1+ 28. Rxb1 Qxe2 29. Nc6+ Kd6 30. Nxa5
Qxf2 $17) 1-0

[Event "Terres Catalanes 15th"]
[Site "Ampuriabrava"]
[Date "1997.09.22"]
[Round "6"]
[White "Izeta Txabarri, Felix"]
[Black "Spraggett, Kevin"]
[Result "0-1"]
[WhiteElo "2525"]
[BlackElo "2575"]
[Annotator "Avrukh,B"]
[PlyCount "80"]
[EventDate "1997.09.17"]
[EventType "tourn"]
[EventRounds "9"]
[EventCountry "ESP"]
[EventCategory "10"]
[SourceTitle "CBM 062"]
[Source "ChessBase"]
[SourceDate "1998.01.31"]
[SourceVersion "1"]
[SourceVersionDate "1998.01.31"]
[SourceQuality "1"]

1. d4 {Tyomkin,D} Nf6 2. Nf3 e6 3. c4 b6 4. g3 Ba6 5. b3 Bb4+ 6. Bd2 Be7 7. Bg2
O-O 8. O-O d5 9. Ne5 Bb7 10. Nc3 Nbd7 11. cxd5 exd5 12. Bf4 c6 13. Rc1 Re8 14.
e4 Nf8 15. Be3 $146 (15. exd5 cxd5 16. Bh3 (16. Ng4 Ne6 17. Nxf6+ Bxf6 18. Be3
Qd7 19. Qd3 Rad8 20. Rfd1 g6 21. Rc2 Be7 22. Ne2 Bd6 23. Qd2 Rc8 {1/2-1/2
Gheorghiu,F-Lutz,C/Bern op 1994}) 16... Ba3 (16... a6 {N} 17. Na4 Bd6 18. Be3
$1 $14 {Epishin,V-Yudasin,L/Biel izt 1993/1/2-1/2(65)}) 17. Rc2 a6 18. Na4 Ne6
19. Bc1 Bd6 {Epishin-Aseev/URS-ch/1991/1/2-1/2}) 15... Ne6 16. f4 $2 {[%csl
Re4] After this move e4-point becomes vulnerable.} (16. exd5 $142) 16... Rc8 {
preparing c6-c5} 17. exd5 cxd5 $15 18. Qd3 (18. Rc2 Bb4 19. Nb5 a6 20. a3 $2
Be7) 18... Nc7 {[%csl Ra3,Rb4,Re3][%cal Rb7a6] |^<<} 19. Rfd1 Bb4 20. Bd2 Ba6
21. Qf3 Qd6 22. Be1 Bb7 23. Qd3 a5 24. Kh1 g6 25. h3 Kg7 26. Kh2 Bxc3 27. Bxc3
Ne4 $17 {The consiquance of f4-move} 28. Be1 f6 29. Nf3 Na6 30. Qb1 Nb4 31. a3
(31. Bxb4 axb4 {[%csl Rc3]}) 31... Nc6 32. b4 axb4 33. axb4 Ne7 34. Rxc8 Bxc8
35. Rc1 Nf5 {Suddenly the knight was transfering in few moves from a6 to f5
and now looking to other stop on-e3} 36. Qb3 h5 {[%csl Rf4][%cal Rh5h4]} 37. h4
Bd7 {[%cal Rd7b5]} 38. Qc2 Ne3 {It was the tenth move of this knight in this
game!} 39. Qc7 $4 (39. Qd3 Nxg2 40. Kxg2 Qe6 $17) 39... Qe6 40. Ng1 Rc8 0-1